000 00983nam a2200253 i 4500
001 bg
245 0 0 _aPPAM 2001 workshop - Fourth International Conference on Parallel Processing and Applied Mathematics :
_b70th birth anniversary of professor Czesław Woźniak /
_cedts Ewa Majchrzak, Bohdan Mochnacki, Roman Wyrzykowski ; org. by Institute of Mathematics and Computer Sciences Technological University of Częstochowa.
260 _aCzęstochowa :
_bWydaw. Politechniki Częstochowskiej,
_c2001.
300 _a158 s. :
_bil. ;
_c24 cm.
500 _aStreszcz. przy ref.
504 _aBibliogr. przy ref.
650 9 _aMatematyka
_xstosowanie
655 _aMateriały konferencyjne
700 1 _aMAJCHRZAK, Ewa.
_eRed.
700 1 _aMOCHNACKI, Bohdan.
_eRed.
700 1 _aWYRZYKOWSKI, Roman.
_eRed.
020 _a8371931441
040 _cBPK
041 0 _aen
080 _a51(061)
920 _a83-7193-144-1
942 _cKS
008 s pl f |000 0 pol
999 _c42147
_d42147
856 _uhttp://koha.tu.koszalin.pl/cgi-bin/koha/opac-detail.pl?biblionumber=42147
_yKatalog online BPK